000 00606nam a2200217Ia 4500
005 20230817142319.0
008 131103s9999 xx 000 0 und d
020 _a8186423125
_cRs 150
040 _aLoreto College
041 _aEnglish
082 _a320
_bHEY
100 _aHeld, David
245 _aPolitical theory and the modern state
_cDavid Held
260 _aDelhi
_bWorld View Publications
_c1998
300 _avii,265p
504 _aIncludes index & bibliographical ref
650 _aPolitics, Political theory
651 _aPolitical Science
850 _aLCLIB
_bPLScSemLib
942 _cBK
999 _c160
_d50639